Lorenzo el guapo / (Record no. 181277)

MARC details
000 -LEADER
campo de control de longitud fija 00838nam a2200217 i 4500
001 - NÚMERO DE CONTROL
campo de control 181277
003 - IDENTIFICADOR DE NÚMERO DE CONTROL
campo de control ES-MaACL
005 - FECHA Y HORA DE LA ÚLTIMA TRANSACCIÓN
campo de control 20250627112257.0
008 - DATOS DE LONGITUD FIJA--INFORMACIÓN GENERAL
campo de control de longitud fija 121129s1876 sp |||| | spa d
100 1# - ENTRADA PRINCIPAL--NOMBRE DE PERSONA
Nombre de persona Aimard, Gustave.
9 (RLIN) 18974
245 10 - MENCIÓN DEL TÍTULO
Título Lorenzo el guapo /
Mención de responsabilidad, etc. por Gustavo Aimard ; versión por Manuel T. del Real.
260 ## - PUBLICACIÓN, DISTRIBUCIÓN, ETC.
Lugar de publicación, distribución, etc. Barcelona :
Nombre del editor, distribuidor, etc. Luis Tasso,
Fecha de publicación, distribución, etc. 1876.
300 ## - DESCRIPCIÓN FÍSICA
Extensión 73 p. ;
Dimensiones 28 cm.
490 1# - MENCIÓN DE SERIE
Mención de serie Biblioteca de El Plus Ultra. Novelas escogidas de Gustavo Aimard
700 1# - ENTRADA AGREGADA--NOMBRE PERSONAL
Nombre de persona Real, Manuel T. del.
9 (RLIN) 151867
830 0# - PUNTO DE ACCESO ADICIONAL DE SERIE-TÍTULO UNIFORME
Título uniforme Biblioteca de El Plus Ultra. Novelas escogidas de Gustavo Aimard
9 (RLIN) 191423
852 ## - LOCALIZACIÓN
Ubicación ES-MaACL
Número de control de estantería Fol-Laf-39
Nota libre .- Legado M. de la Fuente
856 ## - LOCALIZACIÓN Y ACCESO ELECTRÓNICOS
Identificador Uniforme de Recursos <a href="bdh-rd.bne.es/viewer.vm?id=0000298274&page=1">bdh-rd.bne.es/viewer.vm?id=0000298274&page=1</a>
Texto de enlace Versión en línea
Nota pública (Biblioteca Digital Hispánica)
942 ## - ELEMENTOS DE ENTRADA SECUNDARIOS (KOHA)
Fuente del sistema de clasificación o colocación Clasificación decimal universal
Holdings
Estatus retirado Estado de pérdida Estado de daño No para préstamo Colección Biblioteca de origen Biblioteca actual Ubicación en estantería Fecha de adquisición Fuente de adquisición Total de préstamos Signatura topográfica completa Código de barras Visto por última vez Precio de reemplazo Tipo de ítem Koha
        Colección de folletos Biblioteca del Ateneo de Madrid Biblioteca del Ateneo de Madrid Depósito folletos 29/11/2012     Fol-Laf-39 1190499 23/02/2023 23/02/2023 Folleto